|
|
|
|
| LEADER |
01322nam a2200373 a 4500 |
| 001 |
000209970 |
| 003 |
CZ BrMZK |
| 005 |
20240105105926.0 |
| 007 |
ta |
| 008 |
960815s1997 xr g p ger d |
| 015 |
|
|
|a cnb000275052
|
| 020 |
|
|
|a 80-85938-42-1
|q (v knize neuvedeno ;
|q váz.)
|z 80-901370-7-5
|
| 035 |
|
|
|a (OCoLC)36607408
|
| 040 |
|
|
|a BOA001
|b cze
|
| 043 |
|
|
|a e-xr---
|b e-xr-pg
|2 czenas
|
| 072 |
|
7 |
|a 821.112.2-1
|x Německá poezie, německy psaná
|2 Konspekt
|9 25
|
| 080 |
|
|
|a 821.112.2(437.3)-1
|2 MRF
|
| 080 |
|
|
|a (437.311)
|2 MRF
|
| 080 |
|
|
|a (0:82-1)
|2 MRF
|
| 100 |
1 |
|
|a Rilke, Rainer Maria,
|d 1875-1926
|7 jn19990007038
|4 aut
|
| 245 |
1 |
0 |
|a Larenopfer :
|b Prag in Gedichten /
|c Rainer Maria Rilke ; [ilustrace Karel Hruška]
|
| 250 |
|
|
|a 3. Aufl.
|
| 260 |
|
|
|a Praha :
|b Vitalis,
|c 1997
|
| 300 |
|
|
|a 96 s. :
|b il. ;
|c 21 cm
|
| 490 |
1 |
|
|a Bibliotheca Bohemica ;
|v Bd. 4
|
| 651 |
|
7 |
|a Praha (Česko)
|7 ge118011
|2 czenas
|
| 651 |
|
9 |
|a Prague (Czechia)
|2 eczenas
|
| 655 |
|
7 |
|a německy psaná poezie
|7 fd132931
|2 czenas
|
| 655 |
|
9 |
|a poetry in German
|2 eczenas
|
| 700 |
1 |
|
|a Hruška, Karel,
|d 1930-2015
|7 jk01043044
|4 ill
|
| 830 |
|
0 |
|a Bibliotheca Bohemica
|0 s
|
| 910 |
|
|
|a BOA001
|b 2-1035.637
|
| 990 |
|
|
|a BK
|
| 996 |
6 |
|
|b 2610056313
|c 2-1035.637
|l MZK
|r Sklad / do 1 hodiny
|n 4
|p p.v.
|w 000209970
|u 000010
|a 1
|e BOA001
|j MZK50
|s P
|